Disturbia - Rihanna (All Lyrics) - Statistics

General Stats
  • This quiz has been taken 589 times
  • The average score is 244 of 384
Answer Stats
Disturbia % Correct
I
98%
a
92%
A
92%
disturbia
90%
Disturbia
90%
the
90%
The
90%
in
89%
it
88%
It
88%
like
86%
you
86%
go
85%
to
84%
I'm
83%
Verse 1 No
82%
no
82%
Pre-Chorus It's
80%
do
78%
can
76%
feel
76%
me?
76%
me
76%
what
76%
and
75%
of
74%
night
72%
this?
72%
this
72%
light
71%
goin'
70%
think
70%
be
69%
too
69%
come
68%
mind
68%
close
67%
for
67%
on
67%
city
66%
more
66%
your
66%
Your
66%
Can't
65%
can't
65%
grab
65%
Why
65%
comfort
64%
crazy
64%
now
64%
thief
64%
about
61%
get
61%
with
61%
wonder
61%
control
60%
even
60%
consume
59%
oh
59%
Intro What's
59%
Don't
58%
don't
58%
is
58%
wrong
58%
darkness
57%
yeah
57%
creep
56%
disease
56%
gon'
56%
up
56%
insane
55%
my
55%
twice
55%
if
54%
If
54%
inside
54%
out
54%
gas
52%
just
52%
So
52%
Ain't
51%
ain't
51%
am
51%
head
51%
Feels
49%
Nothin'
49%
nothin'
49%
scarin'
49%
under
48%
lights
47%
play
47%
started
47%
tonight?
47%
Better
46%
might
46%
nice
46%
speak
46%
wanna
43%
used
42%
heard
41%
mind's
41%
they
41%
wise
41%
You're
41%
said
40%
monster
39%
will
39%
life
38%
must
38%
from
36%
wall
36%
All
35%
Chorus Put
35%
talkin'
35%
pictures
34%
figure
33%
gonna
33%
gotta
33%
rig
33%
but
32%
altered
31%
ring
31%
shit
31%
falter
30%
Watch
30%
phone
29%
Bridge Release
28%
thought
28%
train
28%
or
27%
curse
26%
Tryin'
26%
ah
25%
strugglin'
25%
Verse 2 Faded
23%
Disconnected
22%
brake
21%
calls
20%
one
19%
maintain
16%
No matching quizzes found
Score Distribution
Percent of People with Each Score
Percentile by Number Answered
Your Score History
You have not taken this quiz